|
|
|
|
| LEADER |
00000cam a2200000 7i4500 |
| 001 |
0000003556 |
| 002 |
000003826 |
| 005 |
20000330.0 |
| 020 |
|
|
|a 967978486X
|
| 090 |
0 |
0 |
|a 339.4609595
|b POV
|
| 245 |
0 |
0 |
|a Poverty amidst plenty :
|b research findings and the gender dimension in Malaysia
|c coordinated and edited by Jamilah Ariffin
|
| 260 |
|
|
|a Petaling Jaya :
|b Pelanduk Publications ,
|c 1994
|
| 300 |
|
|
|a 234p. ;
|c 22cm.
|
| 650 |
0 |
0 |
|a Poverty
|x Research
|z Malaysia
|
| 700 |
0 |
|
|a Jamilah Ariffin
|
| 999 |
|
|
|a 037006
|b BUKU
|c MALAYSIANA
|e PERPUSTAKAAN KOMUNITI PETALING JAYA
|
| 999 |
|
|
|a 038938
|b BUKU
|c PINJAMAN
|e PERPUSTAKAAN KOMUNITI PETALING JAYA
|